Statistics for U.S. States with Dry Counties

Click here to take the quiz!

General Stats

  • This quiz has been taken 81 times
  • The average score is 8 of 10

Answer Stats

N° of Dry Counties Percentage U.S. State % Correct
62%Texas
92%
4238%Kentucky
88%
2122%Tennessee
84%
2429%Mississippi
81%
23%Florida
78%
1418%Oklahoma
77%
66%Kansas
77%
3645%Arkansas
71%
11%North Carolina
70%
12%South Dakota
45%

Score Distribution

Percentile by Number Answered

Percent of People with Each Score

Your Score History

You have not taken this quiz